Postharvest handling: (Record no. 1347)
[ view plain ]
| 000 -LEADER | |
|---|---|
| fixed length control field | 00685nam a22002177a 4500 |
| 005 - DATE AND TIME OF LATEST TRANSACTION | |
| control field | 20240627135231.0 |
| 008 - FIXED-LENGTH DATA ELEMENTS--GENERAL INFORMATION | |
| fixed length control field | 240627b |||||||| |||| 00| 0 eng d |
| 020 ## - INTERNATIONAL STANDARD BOOK NUMBER | |
| International Standard Book Number | 9780128228456 |
| 040 ## - CATALOGING SOURCE | |
| Original cataloging agency | KMU |
| Transcribing agency | KMU |
| Modifying agency | KMU |
| Description conventions | rda |
| 050 ## - LIBRARY OF CONGRESS CALL NUMBER | |
| Classification number | SB 945.5.P67 |
| 245 ## - TITLE STATEMENT | |
| Title | Postharvest handling: |
| Remainder of title | A systems approach. |
| Statement of responsibility, etc. | Edited by Florkowski, Wojciech; Banks, Nigel; Shewfelt, Robert and Prussia, Stanley |
| 250 ## - EDITION STATEMENT | |
| Edition statement | Fourth Edition |
| 260 ## - PUBLICATION, DISTRIBUTION, ETC. | |
| Place of publication, distribution, etc. | London : |
| Name of publisher, distributor, etc. | Academic Press, |
| Date of publication, distribution, etc. | 2022. |
| 300 ## - PHYSICAL DESCRIPTION | |
| Extent | xvii, 684 p. : |
| Dimensions | 24 cm. |
| 600 ## - SUBJECT ADDED ENTRY--PERSONAL NAME | |
| Personal name | Florkowski, Wojciech. |
| 600 ## - SUBJECT ADDED ENTRY--PERSONAL NAME | |
| Personal name | Banks, Nigel. |
| 600 ## - SUBJECT ADDED ENTRY--PERSONAL NAME | |
| Personal name | Shewfelt, Robert. |
| 600 ## - SUBJECT ADDED ENTRY--PERSONAL NAME | |
| Personal name | Prussia, Stanley. |
| 650 ## - SUBJECT ADDED ENTRY--TOPICAL TERM | |
| Topical term or geographic name entry element | Postharvest. |
| 942 ## - ADDED ENTRY ELEMENTS (KOHA) | |
| Source of classification or shelving scheme | Library of Congress Classification |
| Koha item type | Non-Fiction |
| Suppress in OPAC | No |
| Withdrawn status | Lost status | Source of classification or shelving scheme | Damaged status | Not for loan | Collection | Home library | Current library | Shelving location | Date acquired | Source of acquisition | Total Checkouts | Full call number | Barcode | Date last seen | Price effective from | Koha item type |
|---|---|---|---|---|---|---|---|---|---|---|---|---|---|---|---|---|
| Library of Congress Classification | Non-fiction | Kapasa Makasa University | Kapasa Makasa University | Open Access | 27.06.2024 | ZLS | SB 945.5.P67 Pos | 300814 | 27.06.2024 | 27.06.2024 | Non-Fiction |